Central Library OPAC University of Rajshahi

অনুস্মৃতি (Record no. 39584)

MARC details
000 -LEADER
fixed length control field 01071nam a2200253 a 4500
001 - CONTROL NUMBER
control field 39584
003 - CONTROL NUMBER IDENTIFIER
rucl marc code BD-RjUL
005 - DATE AND TIME OF LATEST TRANSACTION
control field 20211209053024.0
008 - FIXED-LENGTH DATA ELEMENTS--GENERAL INFORMATION
fixed length control field 160412r20111981bg a|||| |||| 001 0 ben d
020 ## - INTERNATIONAL STANDARD BOOK NUMBER
International Standard Book Number 9789848765777
Terms of availability : TK. 550.00
035 ## - SYSTEM CONTROL NUMBER
System control number (BD-RjUL)39697
040 ## - CATALOGING SOURCE
Original cataloging agency BD-RjUL
Language of cataloging ben
Transcribing agency BD-RjUL
041 ## - LANGUAGE CODE
Language code of text/sound track or separate title ben
082 ## - DEWEY DECIMAL CLASSIFICATION NUMBER
Edition number 23
Author mark and year NEA 2011
Classification number 324.2092
100 ## - MAIN ENTRY--PERSONAL NAME
Personal name নেরুদা, পাবলো
9 (RLIN) 121932
245 10 - TITLE STATEMENT
Title অনুস্মৃতি
Statement of responsibility, etc. পাবলো নেরুদা ; মর্মানুবাদ ভবানীপ্রসাদ দত্ত
260 ## - PUBLICATION, DISTRIBUTION, ETC. (IMPRINT)
Place of publication, distribution, etc. ঢাকা :
Name of publisher, distributor, etc. প্রথমা প্রকাশন,
Date of publication, distribution, etc. ২০১১
300 ## - PHYSICAL DESCRIPTION
Pagination ১৩ পৃ. :
Illustrations চিত্র ;
Size ২২ সেমি.
500 ## - GENERAL NOTE
General note পরিশিষ্ট ও নির্ঘন্ট সংযুক্ত
650 ## - SUBJECT ADDED ENTRY--TOPICAL TERM
Topical term or geographic name as entry element রাজনীতিবিদ
General subdivision জীবনী
9 (RLIN) 121934
Topical term or geographic name as entry element Politician
General subdivision Biography
9 (RLIN) 121935
700 ## - ADDED ENTRY--PERSONAL NAME
Personal name দত্ত, ভবানীপ্রসাদ, মর্মানুবাদ
942 ## - ADDED ENTRY ELEMENTS (KOHA)
Source of classification or shelving scheme Dewey Decimal Classification
Koha item type Books
Holdings
Lost status Source of classification or shelving scheme Damaged status Not for loan Collection code Permanent Location Current Location Shelving location Date acquired Source of acquisition Cost, normal purchase price Total Checkouts Full call number Date last seen Copy number Koha item type Date checked out
  Dewey Decimal Classification   Not For Loan Non-fiction Central Library, University of Rajshahi Central Library, University of Rajshahi Reading Room 01/02/2014 Proma Prokashan, Dhaka 550.00   B 324.2092 NEA 2011 12/04/2016 C-1 Books  
  Dewey Decimal Classification     Non-fiction Central Library, University of Rajshahi Central Library, University of Rajshahi   01/02/2014 Proma Prokashan, Dhaka 550.00 3 B 324.2092 NEA 2011 27/11/2023 C-2 Books 02/11/2023
  Dewey Decimal Classification     Non-fiction Central Library, University of Rajshahi Central Library, University of Rajshahi   01/02/2014 Proma Prokashan, Dhaka 550.00 5 B 324.2092 NEA 2011 12/09/2019 C-3 Books 28/08/2019